|
|
|
|
| LEADER |
00856ncm a22002292a 4500 |
| 001 |
000290195 |
| 003 |
CZ BrMZK |
| 005 |
20120308073407.0 |
| 007 |
qu |
| 008 |
980105s1975 xr f zxx d |
| 040 |
|
|
|a BOA001
|b cze
|
| 072 |
|
7 |
|a 787
|x Hudba pro strunné a smyčcové nástroje
|2 Konspekt
|9 9
|
| 100 |
1 |
|
|a Janáček, Leoš,
|d 1854-1928
|7 jk01050745
|4 cmp
|
| 245 |
1 |
0 |
|a 1. smyčcový kvartet
|h [hudebnina] :
|b (z podnětu Tolstého Kreutzerovy sonáty) : partitura e parti /
|c Leoč Janáček ; rev. Milan Škampa
|
| 250 |
|
|
|a 1. vyd.
|
| 260 |
|
|
|a Praha :
|b Supraphon,
|c 1975
|
| 300 |
|
|
|a 1 partitura (18, 28 s.) + 4 hlasy
|
| 700 |
1 |
|
|a Škampa, Milan,
|d 1928-2018
|7 jk01130277
|4 edt
|
| 910 |
|
|
|a BOA001
|b Mus4-0747.050
|
| 990 |
|
|
|a MU
|
| 991 |
|
|
|b 201203
|
| 996 |
6 |
|
|b 2619883081
|c Mus4-0747.050
|l MZK
|r Sklad / do 1 hodiny
|n 8
|w 000290195
|u 000010
|a 1
|e BOA001
|j MZK50
|s P
|